IFM Opac

Assessing village labour situations in developing countries (Record no. 14938)

MARC details
000 -LEADER
fixed length control field 00450nam a22001577a 4500
020 ## - INTERNATIONAL STANDARD BOOK NUMBER
International Standard Book Number 19 560794 5
082 ## - DEWEY DECIMAL CLASSIFICATION NUMBER
Classification number 331.7CON
100 ## - MAIN ENTRY--PERSONAL NAME
Personal name Connell, John
245 ## - TITLE STATEMENT
Title Assessing village labour situations in developing countries
260 ## - PUBLICATION, DISTRIBUTION, ETC.
Place of publication, distribution, etc. London
Name of publisher, distributor, etc. Oxford
Date of publication, distribution, etc. 1977
300 ## - PHYSICAL DESCRIPTION
Extent 180p
Other physical details 25cm
500 ## - GENERAL NOTE
General note Include Bibliography and Index
650 ## - SUBJECT ADDED ENTRY--TOPICAL TERM
Topical term or geographic name entry element Assessing village labour situations in developing countries
700 ## - ADDED ENTRY--PERSONAL NAME
Personal name Connell, John
942 ## - ADDED ENTRY ELEMENTS (KOHA)
Koha item type Books
Holdings
Withdrawn status Lost status Damaged status Not for loan Home library Current library Shelving location Date acquired Total Checkouts Full call number Barcode Date last seen Price effective from Koha item type
Withdrawn       IFM Main Campus Library IFM Main Campus Library Archival Collection 01/25/2016   331.7CON 0000007324 01/25/2016 02/19/2022 Books